Statistics for Mario Kart Characters

Click here to take the quiz!

General Stats

  • This quiz has been taken 49,060 times
    (7,796 since last reset)
  • The average score is 22 of 49

Answer Stats

First Character % Correct
Super Mario KartMario
100%
Super Mario KartPeach
98%
Super Mario KartLuigi
98%
Super Mario KartBowser
92%
64Wario
85%
64Donkey Kong
85%
Super Mario KartToad
85%
Super Mario KartYoshi
84%
Double DashWaluigi
79%
Double DashDaisy
76%
Super Mario KartKoopa Troopa
70%
Double DashBaby Mario
70%
Double DashBaby Luigi
67%
Double DashDiddy Kong
67%
WiiBaby Peach
63%
Double DashKing Boo
58%
Double DashBowser Jr.
56%
WiiBaby Daisy
53%
DSDry Bones
52%
Double DashToadette
49%
WiiRosalina
48%
8Link
42%
DSShy Guy
42%
Double DashBirdo
38%
WiiMii
37%
WiiDry Bowser
34%
WiiFunky Kong
31%
8Baby Rosalina
27%
Double DashPetey Piranha
26%
8Ludwig Von Koopa
25%
Super Mario KartDonkey Kong Jr.
24%
7Lakitu
23%
8Wendy O. Koopa
23%
8Morton Koopa
23%
8Iggy Koopa
23%
8Lemmy Koopa
22%
8Roy Koopa
22%
8Villager Boy
22%
8Villager Girl
22%
8Larry Koopa
21%
DSR.O.B.
21%
8 DeluxeInkling Girl
20%
8 DeluxeInkling Boy
20%
8Isabelle
18%
Double DashParatroopa
17%
7Wiggler
16%
7Honey Queen
15%
TourPauline
14%
TourPeachette
8%

Score Distribution

Percentile by Number Answered

Percent of People with Each Score

Your Score History

You have not taken this quiz since the last reset